000 00407nam a22001577a 4500
005 20180203120659.0
008 160427b xxu||||| |||| 00| 0 eng d
020 _a0-07-048334-5
041 _aeng
082 _b00369
_a004.22
100 _aCarter,Nicholas
_9130
245 _aComputer Architecture (Schaum's Out Line & Series)
260 _aNew Delhi
_bTMH Publ.co.Ltd.
_c2002
300 _a306
942 _cBK
999 _c117
_d117